Psalmi et cantica explicata in ordine ad recitationem breviarii (Registro nro. 88000)

Detalles MARC
000 -ENCABEZADO
Número de control [NR] 00495nam a22001577a 4500
008 - DE LONGITUD FIJA DE DATOS DE ELEMENTOS - INFORMACIÓN GENERAL
Elementos de longitud fija [NR] 130821s1932 be gr fre
040 ## - FUENTE DE CATALOGACION [NR]
Agencia de catalogación original [NR] Co-BoUCM
Idioma de catalogación [NR] spa
041 00 - CODIGO DE IDIOMA [R]
Código de idioma para texto/pista de sonido o título separado [R] Francés
245 00 - MENCION DE TITULO [NR]
Título [NR] Psalmi et cantica explicata in ordine ad recitationem breviarii
Mención de responsabilidad, etc. [NR] Heeren, Vander
250 ## - MENCION DE EDICION [NR]
Mención de edición [NR] 4a. ed.
260 ## - PUBLICACION, DISTRIBUCION, ETC. (PIE DE IMPRENTA) [R]
Lugar de publicación, distribución, etc. [R] Bruges (Bélgica)
Nombre del editor, distribuidor, etc. [R] Car. Beyaert Ed.
Fecha de publicación, distribución, etc. [R] 1932
300 ## - DESCRIPCION FISICA [R]
Extensión [R] 520 páginas
500 ## - NOTA GENERAL [R]
Nota general [NR] Incluye índice
942 ## - ELEMENTOS DE ENTRADA AGREGADOS (KOHA)
Tipo de ítem principal el descrito en 300a Libro
Tema principal Religión
Edición 4
Parte restante de la signatura top. P71
Título oculto en OPAC No
Sistema de clasificación DEWEY
Clasificación 264
Existencias
Signatura topográfica Código de barras Última vez visto Ejemplar Price effective from Tipo de ítem Perdido Sistema de clasificación Dañado No prestable Tipo de ítem específico Suprimido Ubicación habitual Ubicación actual Localización Fecha de creación Forma de adquisición Costo
FCS 264 P71 120001311 09/07/2012 Ej.1 03/02/2013 Libro   DEWEY     Fondos especiales     Archivo Histórico Archivo histórico 28/02/2003 Donación 1000.00